Principal drivers for reusing foundations (Record no. 107043)

MARC details
000 -LEADER
fixed length control field 01065cam a22002415a 4500
001 - CONTROL NUMBER
control field L138177
008 - FIXED-LENGTH DATA ELEMENTS--GENERAL INFORMATION
fixed length control field 070521s2007 xxkado f 000 0 eng d
020 ## - INTERNATIONAL STANDARD BOOK NUMBER
International Standard Book Number 9781860819711
035 ## - SYSTEM CONTROL NUMBER
System control number (Sirsi) u138177
041 0# - LANGUAGE CODE
Language code of text/sound track or separate title eng
050 04 - LIBRARY OF CONGRESS CALL NUMBER
Classification number 624.15 $2 18
100 1# - MAIN ENTRY--PERSONAL NAME
Personal name Butcher, A. P.
245 00 - TITLE STATEMENT
Title Principal drivers for reusing foundations
260 ## - PUBLICATION, DISTRIBUTION, ETC.
Place of publication, distribution, etc. Watford
Name of publisher, distributor, etc. IHS BRE Press
Date of publication, distribution, etc. 2007
300 ## - PHYSICAL DESCRIPTION
Extent 6p.
Other physical details ill.
Dimensions 30cm.
490 #0 - SERIES STATEMENT
Series statement BRE Information Paper
Volume/sequential designation (5/07)
520 ## - SUMMARY, ETC.
Summary, etc. The concept of reusing foundations is being developed as a response to increasing pressure on available land for development in the inner cities, and to finding more cost-effective and sustainable methods of construction. This paper outlines the principal drivers for the reuse of foundations and discusses why developers building owners and construction professionals should consider it.
651 #4 - SUBJECT ADDED ENTRY--GEOGRAPHIC NAME
Geographic name United Kingdom
Chronological subdivision
690 ## - LOCAL SUBJECT ADDED ENTRY--TOPICAL TERM (OCLC, RLIN)
Topical term or geographic name as entry element BUILT ENVIRONMENT-BUILDING ELEMENTS-COMPLETE BUILDING ELEMENTS-FOUNDATIONS
700 1# - ADDED ENTRY--PERSONAL NAME
Personal name Powell, J. J. M.
700 1# - ADDED ENTRY--PERSONAL NAME
Personal name Skinner, H. D.
942 ## - ADDED ENTRY ELEMENTS (KOHA)
Suppress in OPAC 0
Holdings
Withdrawn status Lost status Source of classification or shelving scheme Damaged status Not for loan Home library Current library Shelving location Date acquired Total Checkouts Full call number Barcode Date last seen Copy number Price effective from Koha item type
    Dewey Decimal Classification     London London Boxed set 21/08/2007   BRE 30073905 06/08/2019 1 06/08/2019 Book